000 00622nam a22001817a 4500
003 CEME
005 20210628203428.0
008 210118b xxu||||| |||| 00| 0 eng d
020 _a978052188670-3
040 _cceme
082 _a621.4022 RUS
100 _aRussell, T. W. Fraser, Robinson, Anne Skaja, Wagner, Norman J.
_965391
245 _aMass and heat transfer, analysis of mass contractors and heat exchangers
260 _aUSA
_bCAMBRIDGE UNIVERSITY PRESS
_c2008
300 _aXXVI,375P
650 _aMASS AND HEAT TRANSFER.HEAT EXCHANGERS.CHEMICAL ENGINEERING-EQUIPMENT AND SUPPLIES
_965392
942 _cBK
_2ddc
999 _c573616
_d573616